Statistics for Least Recognizable Flags

Click here to take the quiz!

General Stats

  • This quiz has been taken 37 times
  • The average score is 6 of 16

Answer Stats

% GuessedFlag% Correct
21Guinea
55%
23St. Kitts and Nevis
55%
18Solomon Islands
52%
18Guinea-Bissau
48%
22St. Vincent and the Grenadines
48%
23Grenada
45%
22Tuvalu
45%
21São Tomé and Príncipe
42%
23Vanuatu
39%
23Benin
36%
18Gambia
33%
21Mauritius
33%
21Equatorial Guinea
27%
23Suriname
27%
23Sierra Leone
24%
19Bolivia
9%

Score Distribution

Percentile by Number Answered

Percent of People with Each Score

Your Score History

You have not taken this quiz